Historias de amor en campos de guerra / (Registro nro. 25936)
[ vista simple ]
| 000 -LEADER | |
|---|---|
| fixed length control field | 01365cam a2200301 a 4500 |
| 005 - DATE AND TIME OF LATEST TRANSACTION | |
| control field | 20250331191044.0 |
| 008 - FIXED-LENGTH DATA ELEMENTS--GENERAL INFORMATION | |
| fixed length control field | 170627s2019 ck gr 000 0 spa |
| 015 ## - NATIONAL BIBLIOGRAPHY NUMBER | |
| National bibliography number | ck-2017-xxxx |
| 020 ## - INTERNATIONAL STANDARD BOOK NUMBER | |
| International Standard Book Number | 978-958-5464-77-3 |
| 040 ## - CATALOGING SOURCE | |
| Original cataloging agency | CO-CtgCURN |
| Language of cataloging | spa |
| Transcribing agency | coctgcurn |
| 041 1# - LANGUAGE CODE | |
| Language code of text/sound track or separate title | spa |
| Language code of original | eng |
| 082 04 - DEWEY DECIMAL CLASSIFICATION NUMBER | |
| Classification number | 863.6 |
| Item number | T689 |
| Edition information | 23 |
| 100 1# - MAIN ENTRY--PERSONAL NAME | |
| Personal name | Torre Sanclemente, Vanessa de la. |
| 245 10 - TITLE STATEMENT | |
| Title | Historias de amor en campos de guerra / |
| Statement of responsibility, etc. | Vanessa de la Torre Sanclemente; Prologo de Jorge Franco. |
| 260 ## - PUBLICATION, DISTRIBUTION, ETC. | |
| Place of publication, distribution, etc. | Bogotá : |
| Name of publisher, distributor, etc. | Penguin Random House, |
| Date of publication, distribution, etc. | 2019. |
| 300 ## - PHYSICAL DESCRIPTION | |
| Extent | 219 paginas : |
| Other physical details | ilustraciones con fotografias ; |
| Dimensions | 18 cm. |
| 490 0# - SERIES STATEMENT | |
| Series statement | Taurus. Great ideas ; |
| Volume/sequential designation | 19 |
| 500 ## - GENERAL NOTE | |
| General note | "Es tiempo de efectuar una revolución en el comportamiento de las mujeres, tiempo de restaurar su dignidad pérdida y de hacerlas trabajr para reformar el mundo con su propio cambio"--Cubierta. |
| 534 ## - ORIGINAL VERSION NOTE | |
| Introductory phrase | Título original: |
| Title statement of original | A vindication of the rights of woman. |
| 596 ## - | |
| -- | 7 |
| 650 14 - SUBJECT ADDED ENTRY--TOPICAL TERM | |
| Topical term or geographic name entry element | Conflicto armado |
| Geographic subdivision | Colombia |
| Chronological subdivision | Siglo XX. |
| 650 14 - SUBJECT ADDED ENTRY--TOPICAL TERM | |
| Topical term or geographic name entry element | Violencia |
| Geographic subdivision | Colombia |
| Chronological subdivision | Siglo XX. |
| 650 14 - SUBJECT ADDED ENTRY--TOPICAL TERM | |
| Topical term or geographic name entry element | Procesos de paz |
| Geographic subdivision | Colombia |
| Chronological subdivision | Siglo XXI. |
| 700 1# - ADDED ENTRY--PERSONAL NAME | |
| Personal name | Franco, Jorge, |
| Relator term | prologuista. |
| 942 ## - ADDED ENTRY ELEMENTS (KOHA) | |
| Institution code [OBSOLETE] | BK |
| Koha item type | Libros |
| Classification part | 863.6 |
| Item part | T689 |
| Source of classification or shelving scheme | Dewey Decimal Classification |
| 990 ## - EQUIVALENCES OR CROSS-REFERENCES [LOCAL, CANADA] | |
| Link information for 9XX fields | 2017-5329 |
| Link information for field corresponding to 9XX field | Penguin Random House |
| -- | 2 ejemplares |
| -- | 21 |
| -- | 27/06/2017 |
| -- | a1004108 |
| -- | 13/06/2017 |
| -- | 12/06/2017 |
| Withdrawn status | Lost status | Source of classification or shelving scheme | Damaged status | Not for loan | Collection | Home library | Current library | Shelving location | Date acquired | Cost, normal purchase price | Inventory number | Total checkouts | Full call number | Barcode | Date last seen | Copy number | Price effective from | Koha item type | Public note |
|---|---|---|---|---|---|---|---|---|---|---|---|---|---|---|---|---|---|---|---|
| Dewey Decimal Classification | General | Miguel Henríquez Castañeda | Miguel Henríquez Castañeda | General | 10/10/2019 | 45900.00 | 023001 | 863.6 T689 | 863.6T689 | 023001 | 03/31/2025 | ej.1 | 03/31/2025 | Libros | 860-LITEP |